<?xml version="1.0" encoding="UTF-8"?>
<record
    xmlns:xsi="http://www.w3.org/2001/XMLSchema-instance"
    xsi:schemaLocation="http://www.loc.gov/MARC21/slim http://www.loc.gov/standards/marcxml/schema/MARC21slim.xsd"
    xmlns="http://www.loc.gov/MARC21/slim">

  <leader>00830nam a2200217 a 4500</leader>
  <controlfield tag="008">120223s1983    sp ||||f |||| 001 0 spa d</controlfield>
  <datafield tag="020" ind1=" " ind2=" ">
    <subfield code="a">8485285581</subfield>
  </datafield>
  <datafield tag="041" ind1=" " ind2=" ">
    <subfield code="a">spa</subfield>
  </datafield>
  <datafield tag="092" ind1=" " ind2=" ">
    <subfield code="c">616.5</subfield>
    <subfield code="l">87</subfield>
    <subfield code="s">ZAU</subfield>
  </datafield>
  <datafield tag="100" ind1="1" ind2=" ">
    <subfield code="a">Zaun, H.</subfield>
    <subfield code="9">1661</subfield>
  </datafield>
  <datafield tag="245" ind1=" " ind2=" ">
    <subfield code="a">Patolog&#xED;a ungueal</subfield>
    <subfield code="c">H. Zaun</subfield>
  </datafield>
  <datafield tag="250" ind1=" " ind2=" ">
    <subfield code="a">1a ed. en espa&#xF1;ol de la obra original en alem&#xE1;n</subfield>
    <subfield code="b">Traducci&#xF3;n T. Amat Pu&#xE9;rtolas ; Revisi&#xF3;n de la edici&#xF3;n espa&#xF1;ola X. Sierra Valent&#xED;</subfield>
  </datafield>
  <datafield tag="260" ind1=" " ind2=" ">
    <subfield code="a">Barcelona</subfield>
    <subfield code="b">Doyma</subfield>
    <subfield code="c">1983</subfield>
  </datafield>
  <datafield tag="300" ind1=" " ind2=" ">
    <subfield code="a">87 p.</subfield>
    <subfield code="b">il.</subfield>
  </datafield>
  <datafield tag="500" ind1=" " ind2=" ">
    <subfield code="a">Zaun, H. (1983). Patolog&#xED;a ungueal. (1a ed.). Barcelona: Doyma.</subfield>
  </datafield>
  <datafield tag="653" ind1=" " ind2=" ">
    <subfield code="a">Bases diagn&#xF3;sticas de las onicopat&#xED;as</subfield>
  </datafield>
  <datafield tag="653" ind1=" " ind2=" ">
    <subfield code="a">Alteraciones patol&#xF3;gicas de las u&#xF1;as</subfield>
  </datafield>
  <datafield tag="653" ind1=" " ind2=" ">
    <subfield code="a">Tratamiento de las onicopat&#xED;as</subfield>
  </datafield>
  <datafield tag="653" ind1=" " ind2=" ">
    <subfield code="a">Importancia de las alteraciones ungueales para el diagn&#xF3;stico general</subfield>
  </datafield>
  <datafield tag="942" ind1=" " ind2=" ">
    <subfield code="2">ddc</subfield>
    <subfield code="c">BK</subfield>
  </datafield>
  <datafield tag="999" ind1=" " ind2=" ">
    <subfield code="c">1025</subfield>
    <subfield code="d">1025</subfield>
  </datafield>
  <datafield tag="952" ind1=" " ind2=" ">
    <subfield code="0">0</subfield>
    <subfield code="1">0</subfield>
    <subfield code="2">ddc</subfield>
    <subfield code="4">0</subfield>
    <subfield code="5">1</subfield>
    <subfield code="7">1</subfield>
    <subfield code="a">BFM</subfield>
    <subfield code="b">BFM</subfield>
    <subfield code="c">CR</subfield>
    <subfield code="d">2012-02-23</subfield>
    <subfield code="l">4</subfield>
    <subfield code="o">616.5 87 ZAU</subfield>
    <subfield code="p">1738</subfield>
    <subfield code="r">2014-11-06</subfield>
    <subfield code="s">2012-04-25</subfield>
    <subfield code="t">ej.1</subfield>
    <subfield code="w">2012-02-23</subfield>
    <subfield code="y">BK</subfield>
    <subfield code="z">Baja 2017 (Caja 10)</subfield>
    <subfield code="f"></subfield>
  </datafield>
</record>
